书目信息 |
| 题名: |
毛泽东的后半生
|
|
| 作者: | 特里尔 著 ;曾胡 译 | |
| 分册: | ||
| 出版信息: | 北京 世界知识出版社 1992.2 |
|
| 页数: | 262页 | |
| 开本: | 19cm | |
| 丛书名: | ||
| 单 册: | ||
| 中图分类: | A751 | |
| 科图分类: | ||
| 主题词: | ||
| 电子资源: | ||
| ISBN: | 7-5012-0235-4 | |
| 000 | 01109nam0 2200301 450 | |
| 001 | 0100372229 | |
| 005 | 20200621153753.0 | |
| 010 | @a7-5012-0235-4@dCNY3.40 | |
| 011 | @a7-5012-0235-4 | |
| 100 | @a20021005d1992 emky0chiy0110 ea | |
| 101 | 1 | @achi@ceng |
| 102 | @aCN@b110000 | |
| 105 | @ay z 000yy | |
| 106 | @ar | |
| 200 | 1 | @a毛泽东的后半生@9Mao Ze Dong De;Di Hou Ban Sheng @f(美)特里尔(Terrill,Ross)著@g曾 胡等译@b专著 |
| 210 | @a北京@c世界知识出版社@d1992.2 | |
| 215 | @a262页@d19cm | |
| 300 | @a内部发行 | |
| 300 | @a书名原文:A biography : Mao | |
| 300 | @a据美国哈珀·科罗风图书公司1980年英文版译出 | |
| 330 | @a本书节译自著者的《毛泽东传记》的后半部分,书中记述了毛泽东自1949年建立新中国至1976年去世这27年之中,在政治、经济、军事、外交、文化等领域的重要活动,涉及当代中国历史一系列重大事件。 | |
| 510 | 1 | @aA biography : Mao@zeng |
| 600 | 0 | @a毛泽东@f(1893-1976)@x生平事迹 |
| 690 | @aA751@v3 | |
| 701 | 0 | @c(美)@a特里尔@c(Terrill, Ross@f1938~)@9te li er@4著 |
| 702 | 0 | @a曾胡@f(1951~2020)@9zeng hu@4译 |
| 801 | 0 | @aCN@bAiZhiMarc@c19921205 |
| 905 | @aBZT@dA751@e6@f2@sA751/6 | |
| 毛泽东的后半生/(美)特里尔(Terrill,Ross)著/曾 胡等译.-北京:世界知识出版社,1992.2 |
| 262页;19cm |
| 内部发行.-书名原文:A biography : Mao.-据美国哈珀·科罗风图书公司1980年英文版译出 |
| ISBN 7-5012-0235-4:CNY3.40 |
| 本书节译自著者的《毛泽东传记》的后半部分,书中记述了毛泽东自1949年建立新中国至1976年去世这27年之中,在政治、经济、军事、外交、文化等领域的重要活动,涉及当代中国历史一系列重大事件。 |
| ● |
| 相关链接 |
|
|
|
正题名:毛泽东的后半生
索取号:A751/6
 
预约/预借
| 序号 | 登录号 | 条形码 | 馆藏地/架位号 | 状态 | 备注 |
| 1 | 2000087400 | 2000087400 | 旧书回溯/ [索取号:A751/6] | 在馆 | |
| 2 | 2000142681 | 2000142681 | 旧书回溯/ [索取号:A751/6] | 在馆 |